Southville International School and Colleges
Your cart is empty.
  • Cart
  • Lists
    Public lists Eva Luna New books Lux_list list_1
    Your lists Log in to create your own lists
  • Log in to your account
  • Your cookies
  • Search history
Southville International School and Colleges
  • Advanced search
  • Recent comments
  • Most popular
  • Libraries

Log in to your account

Log in with GOOGLE


If you do not have an external account, but do have a local account, you can still log in:

  1. Home
  2. MARC view: The untold war :
Normal view MARC view ISBD view

The untold war : (Record no. 339791)

[ view plain ]
MARC details
000 -LEADER
fixed length control field 00820nam a2200313Ia 4500
008 - FIXED-LENGTH DATA ELEMENTS--GENERAL INFORMATION
fixed length control field 170711s9999 xx 000 0 und d
020 ## - INTERNATIONAL STANDARD BOOK NUMBER
International Standard Book Number 9780393064810
050 ## - LIBRARY OF CONGRESS CALL NUMBER
Classification number 355
050 ## - LIBRARY OF CONGRESS CALL NUMBER
Item number Sh553 1994
100 ## - MAIN ENTRY--PERSONAL NAME
Personal name Sherman, Nancy
245 #4 - TITLE STATEMENT
Title The untold war :
245 ## - TITLE STATEMENT
Remainder of title inside the hearts, minds, and souls of our soldiers /
245 ## - TITLE STATEMENT
Statement of responsibility, etc by Nancy Sherman.
250 ## - EDITION STATEMENT
Edition statement First edition.
260 ## - PUBLICATION, DISTRIBUTION, ETC. (IMPRINT)
Place of publication, distribution, etc USA :
260 ## - PUBLICATION, DISTRIBUTION, ETC. (IMPRINT)
Name of publisher, distributor, etc Norton,
260 ## - PUBLICATION, DISTRIBUTION, ETC. (IMPRINT)
Date of publication, distribution, etc 2010
300 ## - PHYSICAL DESCRIPTION
Extent viii, 338 pages :
300 ## - PHYSICAL DESCRIPTION
Other physical details illustrations ;
300 ## - PHYSICAL DESCRIPTION
Dimensions 24cm.
500 ## - GENERAL NOTE
General note Includes bibliographic reference and index.
650 ## - SUBJECT ADDED ENTRY--TOPICAL TERM
Topical term or geographic name as entry element Psychology, Military.
650 ## - SUBJECT ADDED ENTRY--TOPICAL TERM
Topical term or geographic name as entry element Soldiers --
650 ## - SUBJECT ADDED ENTRY--TOPICAL TERM
Topical term or geographic name as entry element Stress (Psychology).
650 ## - SUBJECT ADDED ENTRY--TOPICAL TERM
Topical term or geographic name as entry element War --
650 ## - SUBJECT ADDED ENTRY--TOPICAL TERM
General subdivision Mental health.
650 ## - SUBJECT ADDED ENTRY--TOPICAL TERM
General subdivision Psychological aspects.
700 ## - ADDED ENTRY--PERSONAL NAME
Personal name Title.

No items available.

The untold war :

APA

Sherman N., Title, .The untold war. USA: .

Chicago

Sherman Nancy, Title, .The untold war. USA: .

Harvard

Sherman N., Title, .The untold war. USA: .

MLA

Sherman Nancy, Title, .USA: . .

  • Print
  • Cite
  • Add to your cart (remove)
  • Save record
    BIBTEX Dublin Core MARCXML MARC (non-Unicode/MARC-8) MARC (Unicode/UTF-8) MARC (Unicode/UTF-8, Standard) MODS (XML) RIS
  • More searches
    Search for this title in:
    Other Libraries (WorldCat) Other Databases (Google Scholar) Online Stores (Bookfinder.com) Open Library (openlibrary.org)

Exporting to Dublin Core...

SOUTHVILLE LIBRARY

Southville International School and Colleges Library

1281 Tropical Ave. Cor. Luxembourg St., BF Homes International, Las Pinas City

Tel. No. 8256374 / 252358 Loc. 117/146

Powered by Koha